000
00340nam a2200145Ia 4500
008
230718s9999 xx 000 0 und d
041
_a
Eng.
082
_a
610.74
_b
HAV-P
100
_a
Have lock, Peter
245
0
_a
Prof extional Education
260
_a
Pakistan
_b
Porque book pubs
_c
1995
300
_a
192
650
_a
Law
999
_c
26505
_d
26505